MARC details
| 000 -LEADER |
| fixed length control field |
03121nam a2200721 a 4500 |
| 001 - CONTROL NUMBER |
| control field |
21086 |
| 003 - CONTROL NUMBER IDENTIFIER |
| control field |
VRT |
| 005 - DATE AND TIME OF LATEST TRANSACTION |
| control field |
20260212150658.0 |
| 008 - FIXED-LENGTH DATA ELEMENTS--GENERAL INFORMATION |
| fixed length control field |
210928s1977 xo oa 0 00m slo |
| 015 ## - NATIONAL BIBLIOGRAPHY NUMBER |
| National bibliography number |
SNBA1977 |
| 035 ## - SYSTEM CONTROL NUMBER |
| System control number |
SNK000048968 |
| 039 #9 - LEVEL OF BIBLIOGRAPHIC CONTROL AND CODING DETAIL [OBSOLETE] |
| Level of rules in bibliographic description |
202109281438 |
| Level of effort used to assign nonsubject heading access points |
VLOAD |
| Level of effort used to assign subject headings |
202109161734 |
| Level of effort used to assign classification |
VLOAD |
| Level of effort used to assign subject headings |
201808071324 |
| Level of effort used to assign classification |
AUTHORITY |
| Level of effort used to assign subject headings |
201605171516 |
| Level of effort used to assign classification |
VLOAD |
| 040 ## - CATALOGING SOURCE |
| Original cataloging agency |
SNK |
| Language of cataloging |
slo |
| Transcribing agency |
SNK |
| Description conventions |
AACR2 |
| 041 0# - LANGUAGE CODE |
| Language code of text/sound track or separate title |
slo |
| 044 ## - COUNTRY OF PUBLISHING/PRODUCING ENTITY CODE |
| MARC country code |
xo |
| ISO country code |
SK |
| 080 ## - UNIVERSAL DECIMAL CLASSIFICATION NUMBER |
| Universal Decimal Classification number |
821.162.4-3:943.76"08" |
| Edition identifier |
2001 |
| 080 ## - UNIVERSAL DECIMAL CLASSIFICATION NUMBER |
| Universal Decimal Classification number |
94(437.6)"08" |
| Edition identifier |
2001 |
| 080 ## - UNIVERSAL DECIMAL CLASSIFICATION NUMBER |
| Universal Decimal Classification number |
821.162.4-3 |
| Edition identifier |
2001 |
| 245 00 - TITLE STATEMENT |
| Title |
Veľkomoravské legendy a povesti |
| Statement of responsibility, etc. |
Zostavil, preložil, štúdiu a poznámky napísal Peter Ratkoš ; úvod Eugen Pauliny ; návrh Emil Bačík ; prebal a väzba Igor Imro ; grafická úprava Zlata Maderová |
| 250 ## - EDITION STATEMENT |
| Edition statement |
1. vyd. |
| 260 ## - PUBLICATION, DISTRIBUTION, ETC. |
| Place of publication, distribution, etc. |
Bratislava |
| Name of publisher, distributor, etc. |
Tatran |
| Date of publication, distribution, etc. |
1977 |
| Place of manufacture |
Bratislava |
| Manufacturer |
Pravda |
| 300 ## - PHYSICAL DESCRIPTION |
| Extent |
175 s. |
| Other physical details |
fotogr., ilustr. |
| Dimensions |
21 cm |
| 366 ## - TRADE AVAILABILITY INFORMATION |
| Note |
15000 výt. |
| 490 1# - SERIES STATEMENT |
| Series statement |
Hviezdoslavova knižnica |
| Volume/sequential designation |
zv. 247 |
| 500 ## - GENERAL NOTE |
| General note |
Pozn. a vysvetl. Ilustr. na front. Text na predsádkach. |
| 651 #7 - SUBJECT ADDED ENTRY--GEOGRAPHIC NAME |
| Geographic name |
Veľká Morava |
| Source of heading or term |
SNKPH |
| 655 #7 - INDEX TERM--GENRE/FORM |
| Genre/form data or focus term |
legendy |
| Source of term |
SNKPH |
| 655 #7 - INDEX TERM--GENRE/FORM |
| Genre/form data or focus term |
biografie |
| Source of term |
SNKPH |
| 655 #7 - INDEX TERM--GENRE/FORM |
| Genre/form data or focus term |
povesti |
| Source of term |
SNKPH |
| 655 #7 - INDEX TERM--GENRE/FORM |
| Genre/form data or focus term |
staroslovienska literatúra |
| Source of term |
SNKPH |
| 700 1# - ADDED ENTRY--PERSONAL NAME |
| Personal name |
Ratkoš, Peter, |
| Dates associated with a name |
1921-1987 |
| Relationship |
com |
| -- |
trl |
| 700 1# - ADDED ENTRY--PERSONAL NAME |
| Personal name |
Pauliny, Eugen, |
| Dates associated with a name |
1912-1983 |
| Relationship |
aui |
| 700 1# - ADDED ENTRY--PERSONAL NAME |
| Personal name |
Bačík, Emil, |
| Dates associated with a name |
1929-1999 |
| Relationship |
ill |
| 700 1# - ADDED ENTRY--PERSONAL NAME |
| Personal name |
Imro, Igor, |
| Dates associated with a name |
1943- |
| Relationship |
bjd |
| -- |
bdd |
| 700 1# - ADDED ENTRY--PERSONAL NAME |
| Personal name |
Maderová, Zlata |
| Relationship |
bkd |
| 830 #0 - SERIES ADDED ENTRY--UNIFORM TITLE |
| Uniform title |
Hviezdoslavova knižnica |
| 942 ## - ADDED ENTRY ELEMENTS (KOHA) |
| Source of classification or shelving scheme |
Dewey Decimal Classification |
| Koha item type |
Krásna literatúra pre dospelých |
| Suppress in OPAC |
No |
| 949 ## - LOCAL PROCESSING INFORMATION (OCLC) |
| 6 |
3830001052031 |
| a |
kurukMSD930/19 |
| b |
kuruk2010/F5797 |
| 949 ## - LOCAL PROCESSING INFORMATION (OCLC) |
| 6 |
3823024594 |
| a |
kuruktspD 0777 |
| b |
kuruktsp2001/024594 |
| 949 ## - LOCAL PROCESSING INFORMATION (OCLC) |
| 6 |
3823000778 |
| a |
kuruktspD 0777 |
| b |
kuruktsp1994/000778 |
| 949 ## - LOCAL PROCESSING INFORMATION (OCLC) |
| 6 |
273K0305757 |
| a |
svkpoA 109309 |
| b |
svkpo251893 |
| r |
Poškodená väzba |
| 949 ## - LOCAL PROCESSING INFORMATION (OCLC) |
| 6 |
270001000101518 |
| a |
svkbbA 13066 |
| b |
svkbbm 334917 |
| p |
334.917 |
| 949 ## - LOCAL PROCESSING INFORMATION (OCLC) |
| 6 |
369701000008051 |
| a |
aubbO 5178 |
| b |
aubbO5178 |
| p |
Darca: Stračina, Svetozár |
| 949 ## - LOCAL PROCESSING INFORMATION (OCLC) |
| 6 |
17A0029955 |
| 9 |
P60, <04>, [BOOK], {604} |
| a |
snkSC 42780 D1 |
| 949 ## - LOCAL PROCESSING INFORMATION (OCLC) |
| 6 |
3830001002522 |
| a |
kurukZ10/24 |
| 949 ## - LOCAL PROCESSING INFORMATION (OCLC) |
| 6 |
3830001001430 |
| a |
kurukSK-7162 |
| 949 ## - LOCAL PROCESSING INFORMATION (OCLC) |
| 6 |
3830001002523 |
| a |
kurukZ10/24 |
| 949 ## - LOCAL PROCESSING INFORMATION (OCLC) |
| 6 |
3830001002521 |
| a |
kurukZ10/24 |
| 949 ## - LOCAL PROCESSING INFORMATION (OCLC) |
| 6 |
3694001009430 |
| a |
kurukLH-39/2 |
| o |
Kniha vyradená z KF, pozri Zoznam úbytkov 1/2008, č.80; ZC FF |
| s |
6722:20071129 |
| 949 ## - LOCAL PROCESSING INFORMATION (OCLC) |
| 6 |
3822028163 |
| a |
kuruktkeD-2014 |
| b |
kuruktke12/814 |
| 949 ## - LOCAL PROCESSING INFORMATION (OCLC) |
| 6 |
3869A02065 |
| a |
bpksh821.162.4-32 |
| b |
bpksh281414 |
| 949 ## - LOCAL PROCESSING INFORMATION (OCLC) |
| 6 |
3830001015993 |
| a |
kurukZ10/24 |
| 949 ## - LOCAL PROCESSING INFORMATION (OCLC) |
| a |
snklmMK 503 |
| b |
snklm106/78 |
| 949 ## - LOCAL PROCESSING INFORMATION (OCLC) |
| 6 |
17A1003557 |
| a |
snkSC 42780 |
| 949 ## - LOCAL PROCESSING INFORMATION (OCLC) |
| 6 |
270001000100032 |
| a |
svkbbA 13066 |
| b |
svkbbm 334919 |
| p |
334.919 |
| 949 ## - LOCAL PROCESSING INFORMATION (OCLC) |
| 6 |
270001000100033 |
| a |
svkbbA 13066 |
| b |
svkbbm 334918 |
| p |
334.918 |
| 949 ## - LOCAL PROCESSING INFORMATION (OCLC) |
| 6 |
270001000100034 |
| a |
svkbbA 13066 |
| b |
svkbbm 334238 |
| p |
334.238 |
| 949 ## - LOCAL PROCESSING INFORMATION (OCLC) |
| 6 |
3822028431 |
| a |
kuruktkeD-2014 |
| b |
kuruktke13/1 |
| o |
D2012/Tkáčik, Ján |
| 949 ## - LOCAL PROCESSING INFORMATION (OCLC) |
| 6 |
3869A18016 |
| a |
bpksh821.162.4-3 |
| b |
bpksh68418 |
| 949 ## - LOCAL PROCESSING INFORMATION (OCLC) |
| 6 |
3830001137992 |
| a |
kurukZ10/24 |
| b |
kuruk2020/F1081 |
| o |
Kolník, Titus, PhDr.DrSc./kúpené katedrou histórie FF |